00541nam a2200145Ia 4500008004100000024004000041082001800081100006000099110002700159245001700186260002600203600003800229650002100267856010700288250506s9999 xx 000 0 und d a20B-081-CS, 20B-053-CS & 20B-076-CS a005.74072 OUR aUbaid Ullah Qureshi, Syed Muhammad Hammad & Abdul Rafay aDr. Najmi Ghani Haider 0aConstructify aKarachi:bUITU,c2020 aBachelor of Computer Science (BS) aComputer Science uhttps://drive.google.com/file/d/17k7OIBkQMjFLERxReXajDgmIKfMx3ykK/view?usp=sharingyClick Here for PDF